00426pab a2200133 454500008004000000100002200040245013600062260000900198300001400207362000800221650001500229700002200244773002600266180718b2014 xxu||||| |||| 00| 0 eng d aBhardwaj, Promila aA comparative analysis of effect of corporate income tax reforms on corporate income tax revenue in pre and post liberalization era c2014 ap.93-114. aMar aIncome tax aNarwal, Karam Pal aAsian Economic Review